[Event "Portugal Open 2020"]
[Site "Lisbon"]
[Date "2020.01.27"]
[Round "4.23"]
[White "Gonzalez Trigal, Jose Luis"]
[Black "Marzano, Carlo"]
[Result "0-1"]
[WhiteElo "2369"]
[BlackElo "2078"]
[Annotator "TA"]
[PlyCount "72"]
[EventDate "2020.01.25"]
[EventType "swiss"]
[EventCountry "POR"]
[SourceTitle "playchess.com"]
[Source "ChessBase"]
[SourceQuality "1"]

{[%evp 14,72,40,31,39,7,17,12,48,16,14,0,0,-134,-85,-98,-82,-89,-78,-142,-137,-201,-151,-298,-226,-383,-337,-372,-246,-221,-65,-77,-61,-64,-62,-72,-70,-125,-56,-194,-196,-212,-193,-306,-309,-272,-273,-618,-610,-601,-601,-923,-860,-935,-935,-2382,-2400,-2117,-2025,-3128,-2795]} 1. d4 d5 2. c4 dxc4 3. e4 Nc6 4. Nf3 Bg4 5. d5 Ne5 6. Bf4 Ng6 7. Be3 Nf6 8. Nc3 e5 {D07: Queen's Gambit: Chigorin Defence} 9. h3 (9. Bxc4 a6 10. Be2 Bd6 11. O-O O-O 12. Nd2 Bxe2 13. Qxe2 Qd7 14. Rac1 b5 15. f3 Nf4 16. Qd1 {1-0 (51) Le,Q (2708)-Artemiev,V (2746) Khanty-Mansiysk 2019}) 9... Bd7 10. Bxc4 a6 {The position is equal.} 11. a4 $146 ({Predecessor:} 11. h4 h5 12. Ng5 Bd6 13. f3 O-O 14. Ne6 fxe6 15. dxe6 Kh8 16. exd7 Qxd7 {0-1 (46) Bartel,M (2594)-Mista,A (2559) Chotowa 2009}) 11... Bb4 12. Qc2 O-O 13. g4 (13. O-O $11) 13... b5 14. Bd3 {[%cal Ra4b5]} c6 15. dxc6 Bxc6 16. Rd1 (16. O-O $142) 16... Qc8 17. Bg5 (17. axb5 $17 Bxb5 18. O-O) 17... Qe6 18. Kf1 (18. axb5 $17 {is a better defense.} axb5 19. Be3) 18... Rfc8 19. Qe2 $2 (19. Nh4 {keeps fighting.}) 19... h6 $19 20. Bc1 bxa4 21. g5 Nh5 $2 ({Black should try} 21... Bxc3 $19 22. gxf6 Bb4 23. fxg7 Kxg7) 22. Nd5 $1 $15 {[%cal Rd5b4]} Nhf4 23. Bxf4 $1 Nxf4 24. Nxf4 exf4 25. Nd4 $1 {[%cal Rd4e6] [#]} Qe5 (25... Qd6 $1 $17 {[%cal Rd6d4]} 26. Nxc6 Qxc6) 26. Nxc6 ({White must play} 26. Nf3 $15 Qe6 27. Nd4) 26... Rxc6 $19 27. gxh6 Rxh6 {And now ...Rd8 would win.} 28. Bc4 {[#]} (28. Bc2 $142) 28... f3 $1 {[%mdl 512]} 29. Qxf3 Rf6 30. Qg2 $2 (30. Qe2 Bd6 31. Rg1) 30... Rc8 {Black is clearly winning.} 31. Rg1 {[%csl Gg1][%cal Rg2g7]} g6 32. Bd3 Bc5 33. Rd2 Be3 34. Ke2 Rxf2+ 35. Qxf2 Bxf2 36. Kxf2 Qf4+ {Accuracy: White = 26%, Black = 52%.} 0-1

[Event "Portugal Open 2020"]
[Site "Lisbon"]
[Date "2020.01.27"]
[Round "4.24"]
[White "Borges, Guilherme Deola"]
[Black "Sabuk, Piotr"]
[Result "1/2-1/2"]
[WhiteElo "2134"]
[BlackElo "2360"]
[Annotator "TA"]
[PlyCount "85"]
[EventDate "2020.01.25"]
[EventType "swiss"]
[EventCountry "POR"]
[SourceTitle "playchess.com"]
[Source "ChessBase"]
[SourceQuality "1"]

{[%evp 16,85,26,16,24,14,19,0,0,0,6,20,22,24,33,0,0,0,0,0,8,0,0,0,12,0,0,0,0,0,0,-1,18,0,5,0,0,0,0,0,0,0,1,0,17,18,18,0,0,0,0,0,0,0,0,0,18,0,73,58,60,57,104,0,0,0,8,8,8,8,8,0]} 1. d4 Nf6 2. c4 e6 3. Nc3 Bb4 4. e3 O-O 5. Bd3 d5 6. Nf3 dxc4 7. Bxc4 c5 8. O-O Bd7 9. Qe2 Bc6 {E54: Nimzo-Indian: Rubinstein: Main Line: 7...dxc4 8 Bxc4} (9... cxd4 10. exd4 Bc6 11. Rd1 Bxc3 12. bxc3 Nbd7 13. Bb3 Qc7 14. c4 Rfe8 15. Bb2 Qf4 16. Qe3 Qf5 17. Ne1 {1-0 (50) Korobov,A (2670)-Caruana,F (2822) Bucharest 2019}) 10. Rd1 Qc7 11. d5 $146 (11. Bd3 {is more complex.} cxd4 12. exd4 Nbd7 13. Bd2 Bd6 14. Nb5) ({Predecessor:} 11. Ne5 a6 12. a3 Ba5 13. Bd2 cxd4 14. exd4 Bxc3 15. bxc3 Ba4 16. Rdc1 Nbd7 17. Bf4 Nxe5 18. Bxe5 {½-½ (68) Giannoulakis,L (1906)-Koutoukidis,P (2176) Achaia 2013}) 11... exd5 12. Nxd5 Nxd5 13. Bxd5 Bxd5 14. Rxd5 Nd7 15. Bd2 (15. a3 {looks sharper.} Nf6 16. Rd1 Ba5 17. b4 Bb6 18. Bb2) 15... Nf6 16. Rd3 Bxd2 17. Qxd2 Rac8 18. Rc1 Rfe8 19. h3 h6 20. Qc3 b5 21. Qc2 Qb7 22. Rcd1 Qe4 23. R3d2 Qb4 24. Qf5 a5 (24... a6 {seems wilder.} 25. Qb1 Qa5 26. a3 Ne4 27. Rd5 c4) 25. a3 Qe4 26. Qxe4 Nxe4 27. Rd7 c4 28. Ra7 Ra8 29. Rdd7 Rxa7 30. Rxa7 $11 {[%mdl 4096] Endgame KRN-KRN} b4 {[#] White must now prevent ...b3.} 31. axb4 axb4 32. Rc7 c3 33. bxc3 Nxc3 34. Rb7 Ra8 $1 35. Ne5 Ra1+ 36. Kh2 Rb1 (36... Ra2 $11) 37. Rb8+ $16 Kh7 38. Nxf7 Nd1 {[#]} 39. f4 (39. Rh8+ $1 $16 Kg6 40. Ne5+ Kf5 41. Nd3) 39... Nxe3 $11 {The position is equal.} 40. g4 Kg6 41. Ne5+ Kf6 42. Rb6+ Ke7 43. Rb7+ {[%mdl 64] Decoy. Accuracy: White = 60%, Black = 65%.} 1/2-1/2

[Event "Portugal Open 2020"]
[Site "Lisbon"]
[Date "2020.01.27"]
[Round "4.25"]
[White "Soham Das"]
[Black "Guerreiro, Nuno"]
[Result "1/2-1/2"]
[WhiteElo "2355"]
[BlackElo "2071"]
[Annotator "TA"]
[PlyCount "53"]
[EventDate "2020.01.25"]
[EventType "swiss"]
[EventCountry "POR"]
[SourceTitle "playchess.com"]
[Source "ChessBase"]
[SourceQuality "1"]

{[%evp 9,53,45,45,35,45,31,42,26,27,20,16,0,4,21,27,0,0,0,0,-24,0,-13,0,-40,0,0,0,-28,-18,-18,-19,-18,-22,-35,294,9,15,24,4,9,26,8,90,95,381,377]} 1. e4 Nc6 2. Nf3 g6 3. d4 Bg7 4. Nc3 d6 5. Be3 Nf6 6. d5 {B06: Modern Defence} Nb8 7. Qd2 c6 8. O-O-O {White is slightly better.} (8. Be2 O-O 9. O-O cxd5 10. exd5 b6 11. Bh6 Bb7 12. Bxg7 Kxg7 13. Nd4 a6 {½-½ (30) Aronian,L (2797)-Nakamura,H (2781) Caleta 2018}) 8... O-O 9. Kb1 $146 ({Predecessor:} 9. Bh6 a6 10. h3 b5 11. Bxg7 Kxg7 12. g4 b4 13. g5 bxc3 14. Qxc3 cxd5 15. gxf6+ exf6 16. exd5 {0-1 (59) Barbu,I (2296)-Zajarnyi,A (2395) Techirghiol 1999}) 9... b5 10. dxc6 b4 11. Nd5 {Threatens to win with c7.} Nxc6 12. Bb5 Nxe4 13. Qe2 Bd7 {With the idea ...e6.} 14. Bf4 f5 15. Ng5 Rc8 16. f3 {And now Bxc6 would win.} e6 17. fxe4 exd5 18. exd5 Nd4 19. Rxd4 $1 Bxd4 20. Ne6 Bxe6 $1 21. dxe6 {[#] Hoping for e7.} Qf6 $2 {[%mdl 8192]} (21... Be5 $1 $15) 22. e7 $2 (22. Bxd6 $18 {Black must now prevent Bd7.} Ra8 23. Rd1 (23. Bxf8 Kxf8 24. Qc4 Qe5 $18)) 22... Rfe8 $1 $11 {[%cal Re8e7]} 23. Bxe8 Rxe8 24. Qc4+ Kg7 $1 25. Qxb4 Bc5 {[#]} (25... Be5 $11 {keeps the balance.}) 26. Qd2 $1 $16 Rxe7 $2 {[%mdl 8192]} (26... Qxe7 $16 27. b4 Bb6) 27. Bg5 {[%mdl 32768] Accuracy: White = 31%, Black = 42%. . An unexpected result.} 1/2-1/2

[Event "Portugal Open 2020"]
[Site "Lisbon"]
[Date "2020.01.27"]
[Round "4.26"]
[White "Fernandes, Joao Pedro Murtinho"]
[Black "Plichta, Kamil"]
[Result "0-1"]
[WhiteElo "2099"]
[BlackElo "2353"]
[Annotator "TA"]
[PlyCount "66"]
[EventDate "2020.01.25"]
[EventType "swiss"]
[EventCountry "POR"]
[SourceTitle "playchess.com"]
[Source "ChessBase"]
[SourceQuality "1"]

{[%evp 28,66,15,0,0,0,0,9,2,0,0,0,7,1,6,-13,0,-54,-36,-134,-134,-137,-130,-250,-248,-348,-333,-338,-316,-395,-357,-605,-585,-29989,-29978,-29979,-29978,-29990,-29991,-29991,-29992]} 1. e4 c5 2. Nf3 e6 3. d4 cxd4 4. Nxd4 Nf6 5. Nc3 Nc6 6. Ndb5 Bb4 7. a3 Bxc3+ 8. Nxc3 d5 9. exd5 exd5 10. Bd3 O-O 11. O-O d4 12. Ne4 Bf5 13. Bg5 Bxe4 14. Bxe4 h6 15. Bh4 g5 {B45: Sicilian Four Knights} 16. Bxc6 $1 bxc6 17. Bg3 Qd5 {The position is equal.} 18. f4 {fxg5 is the strong threat.} (18. Qd3 c5 19. Rad1 Rad8 20. Rfe1 c4 21. Qf3 Qxf3 22. gxf3 d3 23. cxd3 Rxd3 {½-½ (62) Gutenev,A (2456)-Tregubov,P (2592) St Petersburg 2018}) 18... Ne4 19. fxg5 hxg5 20. Qf3 f5 21. Rae1 $146 ({Predecessor:} 21. h4 gxh4 22. Bxh4 Qf7 23. Rad1 {0-1 (45) Ponomariov,T (2305)-Abramova,Y (2012) Voronezh 2010}) 21... Rae8 22. Qh5 (22. Rd1 $11) 22... Kg7 $15 23. h4 (23. Rd1 $15) 23... g4 $17 24. Bf4 {[#] Strongly threatening Bh6+.} Re6 {aiming for ...Rh8.} 25. Rxe4 (25. Bd2 $17 {was the only defense.}) 25... Qxe4 $19 ({Don't do} 25... fxe4 26. Qxg4+ Rg6 27. Bg5) 26. Bd2 (26. Bg3 {is a better defense.} Qe3+ 27. Bf2) 26... g3 ({Not} 26... Qxc2 27. Qg5+ Rg6 28. Qe7+ Rf7 29. Qe5+ Kh7 30. Qxd4 $17) 27. Rf3 f4 28. Qc5 Rf7 29. h5 $2 {[#]} (29. Qc4) 29... Qd5 30. Qb4 c5 {Black mates.} 31. h6+ Kh7 32. Qb5 Qh5 33. Qd3+ Rf5 {Accuracy: White = 27%, Black = 83%.} 0-1

[Event "Portugal Open 2020"]
[Site "Lisbon"]
[Date "2020.01.27"]
[Round "4.27"]
[White "Taboas Rodriguez, Daniel"]
[Black "Sismeiro, Miguel"]
[Result "1-0"]
[WhiteElo "2348"]
[BlackElo "2026"]
[Annotator "TA"]
[PlyCount "69"]
[EventDate "2020.01.25"]
[EventType "swiss"]
[EventCountry "POR"]
[SourceTitle "playchess.com"]
[Source "ChessBase"]
[SourceQuality "1"]

{[%evp 16,69,46,45,67,58,75,67,65,62,64,48,72,45,47,47,47,29,40,43,118,108,139,135,143,143,128,119,124,122,122,122,122,121,131,127,168,150,168,158,168,174,258,245,390,377,530,533,540,534,746,734,750,743,1476,1454]} 1. d4 Nf6 2. Nf3 g6 3. c4 Bg7 4. Nc3 d5 5. cxd5 Nxd5 6. e4 Nxc3 7. bxc3 c5 8. Be3 Nc6 9. Rc1 Qa5 {D85: Exchange Grünfeld: Unusual White 7th moves and lines with 7 Nf3} (9... cxd4 10. cxd4 O-O 11. Qd2 Bg4 12. d5 Bxf3 13. gxf3 Ne5 14. Be2 Qd7 15. h3 Rac8 16. Kf1 Rxc1+ 17. Qxc1 Rc8 18. Qb1 Nc4 19. Bxc4 Rxc4 20. Kg2 b6 {½-½ (20) Nguyen,N (2636)-Wei,Y (2737) Changsha 2019}) 10. d5 $1 {[%cal Rd5c6]} Ne5 11. Nxe5 Bxe5 {White is slightly better.} 12. Qd2 O-O 13. f4 Bg7 14. c4 Qxd2+ 15. Kxd2 b6 16. Bd3 e6 17. Rhd1 $146 ({Predecessor:} 17. h3 f5 18. dxe6 fxe4 19. Bxe4 {1-0 (33) Guo,Q (2439)-Qiu,M (2088) China 2013}) 17... f5 (17... Rd8 $14) 18. e5 $16 Bb7 {[#]} 19. Be2 $1 exd5 {...d4 is the strong threat.} 20. Bf3 Rad8 21. Ke1 d4 {Strongly threatening ...Bxf3.} 22. Bxb7 {Black must now prevent Bd2.} dxe3 23. Bd5+ Kh8 24. Ke2 g5 25. g3 h5 26. Kxe3 Kh7 27. a4 h4 28. Rb1 hxg3 (28... Kh8 $142 29. a5 bxa5) 29. hxg3 $18 Rb8 (29... Rde8 $142 30. a5 Rf6 31. axb6 axb6) 30. Be6 Kg6 (30... Rfd8 $142 31. Bxf5+ Kh8 32. Rh1+ Kg8 33. Be6+ Kf8) 31. Rd7 {White is clearly winning.} Rbe8 32. Bd5 Bh6 33. Kf3 g4+ 34. Kf2 Rd8 35. Rxa7 {Accuracy: White = 86%, Black = 22%.} 1-0

[Event "Portugal Open 2020"]
[Site "Lisbon"]
[Date "2020.01.27"]
[Round "4.28"]
[White "Fernandes, Alberto"]
[Black "Rocha, Sergio"]
[Result "0-1"]
[WhiteElo "2092"]
[BlackElo "2343"]
[Annotator "TA"]
[PlyCount "92"]
[EventDate "2020.01.25"]
[EventType "swiss"]
[EventCountry "POR"]
[SourceTitle "playchess.com"]
[Source "ChessBase"]
[SourceQuality "1"]

{[%evp 18,91,54,41,52,40,44,38,37,43,35,0,27,35,41,26,109,93,103,35,49,29,31,0,0,0,-4,-1,-15,-17,-17,-17,-15,-20,-7,-15,0,-52,0,-73,-75,-64,-20,-144,-114,-187,0,0,0,-17,-20,-25,0,0,2,0,2,0,0,0,0,0,0,-57,-21,-360,-309,-302,-292,-316,-304,-318,-312,-1364,-1147,-29999]} 1. e4 Nf6 2. Nc3 d6 3. d4 c6 4. a4 g6 5. Nf3 Bg7 6. h3 O-O 7. Be2 a5 8. O-O Na6 9. Be3 Nb4 10. Nd2 d5 {B08: Pirc Defence: Classical System} (10... Nd7 11. Ncb1 f5 12. f3 fxe4 13. fxe4 Rxf1+ 14. Nxf1 c5 15. c3 cxd4 16. cxd4 Nf6 17. Nc3 Be6 18. Nd2 {½-½ (58) Mamedov,R (2660)-Bosboom,M (2424) Bilbao 2014}) 11. e5 Ne8 12. Nb3 Bf5 $146 {White is slightly better.} ({Predecessor:} 12... Nc7 13. Nb1 Bf5 14. Na3 b6 15. c3 Nba6 16. f4 f6 17. g4 Be4 18. Nd2 fxe5 19. fxe5 {1-0 (35) Zapata,A (2423)-Mateus,A (2325) Ibague 2018}) 13. Rc1 f6 14. g4 Bc8 15. f4 Nc7 16. Qd2 f5 (16... b6 $11) 17. Kg2 b6 18. Nd1 (18. g5 $16) 18... Ne6 $14 19. c3 Na6 $1 20. gxf5 Rxf5 21. Bg4 Rf7 22. f5 gxf5 23. Rxf5 Rxf5 24. Bxf5 Nf4+ {[%mdl 64] [#] Discovered Attack} 25. Bxf4 Bxf5 26. Kh2 Qd7 27. Qg2 (27. Ne3 $11) 27... Rf8 ({Black should try} 27... Bg6 $15) 28. Qg3 (28. Bh6 $1 $11 {remains equal.} Bg6 29. Bxg7 Kxg7 30. Ne3) 28... Bg6 29. Ne3 Nc7 30. Rg1 (30. Ng2 $1 $11 {keeps the balance.}) 30... Ne6 $17 31. Ng2 (31. Rf1 $17 {keeps fighting.}) 31... Qe8 $2 ({Black should play} 31... c5 $19 32. Bd2 c4) 32. Be3 $11 Qf7 33. Nh4 {[%cal Rh4g6]} Bc2 34. Nd2 Kh8 35. Qg4 Bd3 36. Rg3 Bc2 37. Rf3 Qg8 38. Rg3 c5 39. Ndf3 Qf7 {...h5 is the strong threat.} 40. Ne1 (40. Ng5 $11 Nxg5 41. Bxg5 (41. Qxg5 cxd4 42. cxd4 Rg8 $15)) 40... Be4 41. Nef3 $2 {[%mdl 8192]} (41. Nhg2 $11 {and White has nothing to worry.}) 41... h5 42. Ng6+ Bxg6 {[%mdl 64] Overworked Piece} 43. Qxg6 Qxg6 44. Rxg6 {Threatens to win with Kg3.} Rxf3 45. Bg1 $2 {[#]} (45. Bh6 Kh7 46. Rxe6 Bxh6 47. Rxe7+ Kg8 48. Kg2) 45... Nf4 $1 $19 {[%csl Gf4][%cal Rf3h3][%mdl 64] Double Attack} 46. Rxb6 Rxh3# {Accuracy: White = 35%, Black = 46%.} 0-1

[Event "Portugal Open 2020"]
[Site "Lisbon"]
[Date "2020.01.27"]
[Round "4.29"]
[White "Esquivias Quintero, Luis Manuel"]
[Black "Cordeiro, Joao Carlos Santos F"]
[Result "1/2-1/2"]
[WhiteElo "2318"]
[BlackElo "2005"]
[Annotator "TA"]
[PlyCount "108"]
[EventDate "2020.01.25"]
[EventType "swiss"]
[EventCountry "POR"]
[SourceTitle "playchess.com"]
[Source "ChessBase"]
[SourceQuality "1"]

{[%evp 11,108,0,19,15,18,0,0,-14,29,29,28,-20,142,-33,-27,-64,-38,-54,-28,-27,-15,-242,-247,-259,-239,-253,-256,-255,-64,-73,-47,-44,-37,-52,-52,-52,-52,-52,-52,-52,-51,-48,-36,-38,-38,-36,-34,-60,-9,-77,-77,-177,-75,-62,-9,-10,-9,-9,-9,-20,0,0,0,2,37,37,37,44,45,0,0,0,0,0,0,0,0,0,0,-305,0,0,0,0,0,0,0,0,0,0,0,0,0,0,0,0,0,0,0]} 1. Nf3 Nf6 2. c4 e6 3. b3 d5 4. Bb2 Be7 5. e3 O-O 6. Nc3 b6 7. cxd5 {A13: English Opening: 1...e6} Nxd5 8. Qc2 c5 9. h4 Bf6 10. Ng5 {[%csl Gg5][%cal Rc2h7]} g6 11. Be2 $146 ({Predecessor:} 11. a3 Nxc3 12. Bxc3 Bb7 13. f4 Nd7 14. Bb5 Bxc3 15. Qxc3 Nf6 {1-0 (33) Van Wely,L (2714)-Van der Werf,M (2435) Netherlands 2001}) 11... Bb7 $2 (11... Nc6 $11) 12. a3 $2 (12. Nce4 $16 e5 13. f4 (13. Nxf6+ Qxf6 14. f4 Nc6 $14)) 12... Nxc3 $15 13. Bxc3 Nd7 14. O-O-O Bxc3 15. dxc3 {White wants to play Bb5.} Qe7 $1 16. Rxd7 $2 (16. Kb2 $11) 16... Qxd7 $19 17. h5 Qd5 (17... Bxg2 18. Rh2 $17) 18. Nf3 Rad8 19. hxg6 fxg6 $2 (19... hxg6 $19 20. Rh4 Kg7) 20. Bc4 $1 $15 {[%cal Rc4d5]} Qe4 21. Qxe4 Bxe4 22. Bxe6+ Kg7 23. Ng5 h6 $1 {[%cal Rh6g5]} ({Much worse is} 23... Bxg2 $6 24. Rxh7+ Kf6 25. f4 $16) 24. Nxe4 {aiming for f3.} Rfe8 25. Nxc5 bxc5 {[%mdl 4096] Endgame KRR-KRB} 26. Bc4 Re7 27. Rd1 Rxd1+ 28. Kxd1 {KR-KB} Kf6 29. Kc2 g5 (29... h5 $15) 30. Bd3 (30. g4 $11 {remains equal.}) 30... h5 $17 {[%mdl 1024] Black has strong compensation.} 31. b4 {[#]} (31. Be2 $17) 31... g4 (31... h4 $1 $19 {has better winning chances.} 32. Be2 Kf5) 32. g3 Kg5 (32... Rd7 $15) 33. Kd2 $11 Rf7 34. Ke2 Rc7 {Threatening ...cxb4.} 35. c4 Rb7 36. b5 $1 Re7 37. a4 {[%cal Ba3a4,Ba4a5][%mdl 32]} h4 38. gxh4+ Kxh4 39. a5 Kg5 $1 40. Kf1 g3 41. Be2 Rf7 42. f4+ Kh4 $1 {And now ...Re7 would win.} 43. Bf3 $1 {[%cal Rf3c6]} Re7 44. e4 {e5 is the strong threat.} Rf7 $1 45. Kg2 $2 {[%mdl 8192] [#]} (45. a6 $11 {and White stays safe.}) 45... Rxf4 $2 (45... Rd7 $1 $19 {[%cal Rd7d2]} 46. Be2 Rd2) 46. b6 {The position is equal.} axb6 $1 ({Reject} 46... Rf7 $6 47. e5 $16) 47. a6 {Hoping for a7.} ({Of course not} 47. axb6 Kg5 $17) 47... Rf7 48. e5 {Threatens to win with e6.} Ra7 49. Bb7 Kg5 50. Bc8 Ra8 51. Bb7 Ra7 {Strongly threatening ...Kf5.} 52. Bc8 Ra8 (52... Kf4 $5 53. e6 $8 Ke5 $11) 53. Bb7 Ra7 {White must now prevent ...Kf5.} 54. Bc8 Ra8 {Accuracy: White = 51%, Black = 57%.} (54... Kf4 $5 55. e6 $8 Kg5 $11) 1/2-1/2

[Event "Portugal Open 2020"]
[Site "Lisbon"]
[Date "2020.01.27"]
[Round "4.30"]
[White "Risting, Eivind Olav"]
[Black "Moretti, Filippo"]
[Result "1-0"]
[WhiteElo "2306"]
[BlackElo "1969"]
[Annotator "TA"]
[PlyCount "97"]
[EventDate "2020.01.25"]
[EventType "swiss"]
[EventCountry "POR"]
[SourceTitle "playchess.com"]
[Source "ChessBase"]
[SourceQuality "1"]

{[%evp 18,97,0,-4,38,0,0,0,68,44,112,106,135,116,118,114,107,99,145,110,152,141,143,142,143,151,278,275,263,235,383,383,383,383,383,378,376,372,370,362,416,422,407,395,470,470,470,444,444,441,468,466,466,462,462,462,605,448,438,429,419,419,419,404,454,447,689,504,483,478,658,668,636,625,627,623,2584,2922,3016,2489,12842,1835]} 1. d4 Nf6 2. c4 e6 3. Nc3 Bb4 4. Nf3 b6 5. e3 Bb7 6. Bd3 O-O 7. O-O d5 8. cxd5 exd5 9. Bd2 Nbd7 10. Rc1 c5 {E52: Nimzo-Indian: Rubinstein: 4...0-0 5 Nf3 d5 6 Bd3 b6} (10... Be7 11. Ne5 c5 12. f4 Ne4 13. Be1 Ndf6 14. Bh4 cxd4 15. exd4 Rc8 16. Bxf6 Nxf6 17. Qe2 Bb4 18. Nb5 {0-1 (41) Bauer,C (2630)-Kryvoruchko,Y (2705) Switzerland 2018}) 11. dxc5 (11. a3 $5 {[%cal Ra3b4]} Ba5 12. Bf5 $11) 11... bxc5 12. Na4 Qa5 $146 (12... Bxd2 $11 13. Qxd2 Qe7) ({Predecessor:} 12... Rc8 13. Bxb4 cxb4 14. Qb3 Qa5 15. Nd4 Ne5 16. Bf5 Rc4 17. Nc3 g6 18. Bb1 Ba6 19. Nce2 Rfc8 20. Rfe1 Nfd7 {½-½ (20) Baumbach,F (2141)-Meyer,I (1991) Berlin 2015}) 13. Bxb4 $1 $14 Qxb4 (13... cxb4 $14 14. b3 g6) 14. a3 $16 Qa5 {[#]} 15. b4 $1 {[%mdl 512]} cxb4 16. axb4 Qd8 17. Qb3 Ng4 18. Qb2 Re8 19. Nc5 $36 {[%mdl 2048] White is on the roll.} Nxc5 20. bxc5 Bc6 21. h3 Qf6 (21... Nf6 $16 {is a better defense.} 22. Nd4 Qc7) 22. Qxf6 $18 Nxf6 23. Nd4 Rec8 {[#]} (23... Bd7 $142 24. c6 Bc8) 24. Ba6 $1 Rc7 25. Nxc6 {[%mdl 64] Overworked Piece} Rxc6 26. Bb7 $1 {[%csl LRa8,LRc6][%mdl 64] Double Attack} Rac8 27. Bxc8 Rxc8 {[%mdl 4096] Endgame KRR-KRN} 28. c6 g6 29. Rc2 Kf8 30. Rb1 Rc7 31. Rb7 Ne8 32. Rd2 Rxc6 33. Rxd5 a6 34. Rd8 Re6 35. Ra8 Kg7 36. Raa7 Rf6 37. Rb8 Re6 38. Rba8 Nf6 39. Rxa6 Re5 40. Rc6 Rb5 41. Ra7 {White is clearly winning.} Nd5 (41... Rb8 $142 42. f3 Nd5) 42. Rd6 Nf6 43. f3 Rb2 44. e4 Rb5 45. Rc6 Ne8 46. f4 h5 47. e5 Rb1+ 48. Kh2 Re1 49. Rc8 {Accuracy: White = 83%, Black = 25%.} (49. e6 $142 Rxe6 50. Rxe6) 1-0

[Event "Portugal Open 2020"]
[Site "Lisbon"]
[Date "2020.01.27"]
[Round "4.31"]
[White "Fidalgo, Daniel Neves"]
[Black "Chkhaidze, Nikoloz"]
[Result "1/2-1/2"]
[WhiteElo "2076"]
[BlackElo "2288"]
[Annotator "TA"]
[PlyCount "90"]
[EventDate "2020.01.25"]
[EventType "swiss"]
[EventCountry "POR"]
[SourceTitle "playchess.com"]
[Source "ChessBase"]
[SourceQuality "1"]

{[%evp 10,90,0,0,0,13,0,14,9,-2,-4,-16,-3,-7,-4,-12,81,79,77,80,79,40,43,25,77,54,39,23,66,55,58,23,40,31,43,58,141,18,18,14,14,21,18,18,21,27,21,18,57,54,42,0,0,0,0,0,0,0,0,0,0,0,0,0,0,0,0,0,0,0,0,0,0,0,0,0,0,0,0,0,0,0,0]} 1. c4 Nf6 2. g3 e5 3. Bg2 d5 4. cxd5 Nxd5 5. Nc3 Nb6 6. e3 Nc6 {A22: English Opening: 1...e5 2 Nc3 Nf6} 7. Nge2 h5 (7... Qd3 8. f4 Bb4 9. fxe5 Nxe5 10. Nf4 Qa6 11. Qc2 O-O 12. d4 Ng4 13. Nd3 Bxc3+ 14. Qxc3 {½-½ (36) Aronian,L (2762)-Nepomniachtchi,I (2773) Moscow 2019}) 8. d4 h4 9. d5 Ne7 10. e4 c6 11. b3 $146 ({Predecessor:} 11. Qb3 cxd5 12. exd5 Nf5 13. a4 a5 14. O-O hxg3 15. hxg3 {½-½ (49) Cordova,E (2621)-El Debs,F (2537) Montevideo 2018}) 11... cxd5 12. exd5 Bg4 (12... Nf5 $11) 13. h3 $36 {[%mdl 2048] White is in control.} Bxe2 14. Qxe2 hxg3 15. Qxe5 {aiming for Nb5.} gxf2+ $1 16. Kxf2 {Nb5 is the strong threat.} Qd7 (16... f6 $11 17. Qe3 Rc8) 17. Re1 f6 18. Qe4 {Hoping for d6.} Kf7 19. Qe6+ Qxe6 20. dxe6+ {[%mdl 64] Discovered Attack} Kg8 21. Ba3 Re8 22. Rad1 Ng6 {[#]} (22... Rh5 $14) 23. e7 (23. Be4 $1 $16 {[%cal Re4g6]} Ne7 24. Re3 (24. Bxb7 Rxh3 25. Nb5 Rh5 $11)) 23... Bxe7 $11 24. Bxe7 Rxe7 25. Rxe7 Nxe7 26. Rd8+ Kh7 27. Rxh8+ Kxh8 28. Bxb7 {[%mdl 4096] Endgame KBN-KNN} Kh7 29. b4 Kg6 30. a4 Kf5 $1 {The position is equal.} 31. a5 Nbc8 $1 32. Nd5 Nxd5 33. Bxc8+ {KB-KN} Ke5 34. b5 Kd6 35. b6 axb6 36. a6 b5 37. a7 Nb6 38. Bb7 b4 39. a8=Q Nxa8 40. Bxa8 {KB-K3P} Ke5 41. Ke3 f5 42. Bc6 b3 {Strongly threatening ...b2.} 43. Ba4 b2 44. Bc2 g5 45. Kf3 {[#]} g4+ $1 {[%mdl 512] Accuracy: White = 67%, Black = 59%.} 1/2-1/2

[Event "Portugal Open 2020"]
[Site "Lisbon"]
[Date "2020.01.27"]
[Round "4.32"]
[White "Xu, Yang"]
[Black "Grabuzova, Tatiana"]
[Result "0-1"]
[WhiteElo "2359"]
[BlackElo "2284"]
[Annotator "TA"]
[PlyCount "60"]
[EventDate "2020.01.25"]
[EventType "swiss"]
[EventCountry "POR"]
[SourceTitle "playchess.com"]
[Source "ChessBase"]
[SourceQuality "1"]

{[%evp 9,86,13,16,0,4,1,0,8,11,9,18,0,0,0,8,-2,14,3,38,-8,13,0,0,6,0,0,40,33,18,0,0,0,0,0,0,0,0,0,0,-274,-265,-415,-397,-415,-410,-410,-408,-414,-400,-1111,-811,-816,-795,-779,-821,-812,-795,-892,-756,-1822,-1718,-1697,-1836,-1742,-1686,-2179,-1970,-29992,-29991,-29994,-29995,-29995,-29995,-29995,-29996,-29997,-29997,-29997,-29998]} 1. e4 e6 2. d3 b6 3. g3 Bb7 4. Bg2 g6 (4... c5 5. f4 d5 6. Nd2 Qc7 7. Qe2 Nc6 8. c3 d4 9. c4 Nb4 10. Ndf3 a6 11. Nh3 b5 12. b3 {1-0 (50) Movsziszian,K (2468)-Fedorchuk,S (2626) Llucmajor 2016}) 5. c3 Bg7 6. f4 {C00: French: Unusual White 2nd moves} Ne7 7. Nf3 d6 8. Be3 {The position is equal.} Nd7 9. Nbd2 h6 10. Qc2 c5 11. O-O $146 ({Predecessor:} 11. a4 Qc7 {1-0 (49) Navin,K (2342)-Prasanna Raghuram,R (2418) Mumbai 2011}) 11... Qc7 12. a3 a6 13. Rab1 b5 14. h3 d5 15. e5 g5 16. d4 gxf4 17. gxf4 Nf5 18. Bf2 Bf8 19. Nh4 Nxh4 20. Bxh4 cxd4 21. f5 Nxe5 {aiming for ...d3.} 22. fxe6 fxe6 23. Rbe1 Rg8 $1 24. Qd1 $2 {[%mdl 8192] [#]} (24. Nf3 $11 Bc5 25. Kh1) 24... Qg7 $1 $19 {[%csl Gg8][%cal Rg7g2]} 25. Qh5+ (25. Rf2 $142 dxc3 26. Nb3 cxb2 27. Bf6) 25... Kd7 {[%csl Gg8][%cal Rg7g2]} 26. Rf2 dxc3 {...Bc5! is the strong threat.} 27. Nb3 {And now Bf6 would win.} cxb2 28. Bf6 b1=Q 29. Qxe5 (29. Rxb1 $142 Qg6 30. Qxg6 Nxg6 31. Bd4) 29... Qxe1+ 30. Qxe1 Qg3 {Played: Qg7-g6} 0-1